01352 2200385 4500001002100000005001500021035002500036008004100061020002200102040001700124090002000141090002200161100003300183245019200216250004300408260004100451300004400492500001100536500008100547650001700628700004100645700004100686700003100727700003400758850001200792007000300804082001600807084001800823041001300841504003400854999002200888990001700910990001700927990002200944YOGYA-0209000006994420210913101546 a0010-020900000069944090227s2007 yoia gr ind  a978-979-1277-61-7 aYOPDYOGbind aQ 150.195 SUN p aCB-D.11 2007-15631 aSundberg, Norman D.epenulis10aPsikologi klinis :bperkembangan teori, praktik, dan penelitian /cNorman D.Sundberg, Allen A. Winebarger, Julian R. Taplin; penerjemah, Helly Prajitno Soetjipto, Sri Mulyantini Sietjipto aEdisi keempat, Cetakan I, Agustus 20073 aYogyakarta :bPustaka Pelajar,c2007 axii, 565, [2] hlm :bilustrasi ;c28 cm aIndeks aJudul asli : Clinical psychology : Evoliving theory, practical, and research aPsikoanalisa0 aSri Mulyantini Soetjiptoepenerjemah0 aHelly Prajitno Soetjiptoepenerjemah1 aTaplin, Julian R.epenulis1 aWinebarger, Allen A.epenulis aYOPDYOGta04222a150.195 a150.195 SUN p1 aIndgeng aBibliografi : halaman 465-542 aCB-D.11/2007-1563 a1976-PDIP.08 a1978-PD/P.08 aCB-D.11/2007-1563